000 01438nab a2200217 i 4500
001 768714001
003 CO-MdFUSB
005 20240612160725.0
008 240612t1963 sp ||||| |||| 00| 0 spa d
040 _bspa
_cCO-MdFUSB
_dCO-MdFUSB
041 _aspa
100 _aGabás Pallás, Raúl,
_d1934- ‎
_eautor
245 _aClave teológica para la inteligencia de la eclesiología protestante
_c/ Raúl Pedro Gabás Pallás
520 _aEn toda cultura es difícil definir el conjunto ordenado de móviles por los que surge y se desarrolla. Ningún estudio es exhaustivo, debiendo limitarse a cierto número de factores que juegan un papel importante en ella. Jamás existió un tiempo tan rico en producción espiritual humana como el lapso que se extiende desde el Renacimiento hasta nuestros días. Es imposible descubrir las últimas raíces y tendencias del espíritu, de las cuales procede nuestro mundo actual; pero salta a Ia vista de un mediano conocedor de dicho período, que el protestantismo es una fuerza de primer orden en Ia historia cristiana y cultural moderna.
650 7 _aTeología dogmática
_96937
650 7 _aIglesia
_9655
650 0 _aProtestantismo
_9947
773 0 _070126
_982757
_dSalamanca, España :
_oR2632
_tSalmanticensis
_w(CO-MdFUSB)768714001
_gVolumen 10, (fascículo 1 - 2, 1963) páginas: 161 - 241
_qpágina: 161
942 _cANA
945 _aCatherine Arias Álvarez - Practicante SENA
999 _c70174
_d70174